000 02117cab a2200325 a 4500
005 20240920064528.0
008 991125c2018 cl ar p o 000 0 spa d
035 _aUPN01000229761
040 _aMX-MxUPN
_bspa
_cMX-MxUPN
_eaacr2
049 _aART-E
100 1 _aFraile Aranda, Antonio
_6- afraile@mpc.uva.es
100 1 _aAparicio Herguedas, José Luis
100 1 _aAsún Dieste, Sonia
100 1 _aRomero Martínd, Rosario
245 1 0 _aLa evaluación formativa de las competencias genéricas en la formación del profesorado de educación física
_h[recurso electrónico en línea]
506 0 _aAcceso abierto
520 3 _aEn este artículo se analiza el desarrollo competencial de un grupo de 58 estudiantes de 3er curso de Educación Primaria, mención de Educación Física, en el programa de formación inicial del profesorado de la Facultad de Educación de Valladolid. Se pretende como objetivo conocer qué competencias transversales están presentes en las clases prácticas de la asignatura Expresión y Comunicación Corporal, en la que los estudiantes asumen el rol de profesor. Durante las clases se utilizan estrategias de evaluación formativa, como la coevaluación (desde observadores externos) y la autoevaluación (del propio estudiante). Para analizar los resultados obtenidos se aplicó el programa informático Atlas.ti (Versión 8.1) y el video análisis. En las conclusiones se extrae como valoración positiva la presencia de las competencias para el liderazgo, para la acción comunicativa y para la planificación y organización docente.
650 4 _aEducación física
_912884
650 4 _95345
_aLiderazgo
650 4 _aComunicación
_99285
650 2 _925220
_aEvaluación formativa
653 0 _aFormación inicial docente
653 0 _aCompetencias
653 0 _aPlanificación docente
773 _gVol. 44, no. 2 (2018), p. 39-53
_tEstudios pedagógicos
_x0718-0705
856 4 0 _uhttps://scielo.conicyt.cl/pdf/estped/v44n2/0718-0705-estped-44-02-00039.pdf
902 _aGloria Jiménez
_bGloria Jiménez/280323
905 _aArticulo
942 _cART-E
999 _c201856
_d201856